000 00294nam a22001337a 4500
008 170817b xxu||||| |||| 00| 0 eng d
020 _a0124178944
041 _aeng
080 _a51
100 _a36
101 _aMAT
245 _aPRECALCULUS FUNCTIONS & GRAPHS
_cKOLMAN,B
942 _2udc
_cBK
999 _c24023
_d24023